00213nam a2200073Ia 4500008004100000100001900041245006900060260001000129120527s9999 xx 000 0 und d aJONES, Ellis.J aCriteria affecting Agricultural machinery rehabilitation schemes bO D A